000 00467nam a2200181Ia 4500
003 GCL
008 140319s9999 xx 000 0 eng d
040 _aGCL /
_cGCL
082 0 4 _a665.53
_bM P
100 1 _aMEKETTA,JOHN J
245 1 0 _aPETROLUM PROCESSING TTANBOOK /
_cMEKETTA,JOHN J
260 _a[S.N] :
_bMARCEL DEKKER, INC ،
_c1992
300 _a774
650 0 4 _aتقوية الذاكرة
650 0 4 _aMECHANICS
650 0 4 _aREFINING
942 _2ddc
_cBK
999 _c17005
_d17005